| 000 | 00816nam a22002537a 4500 | ||
|---|---|---|---|
| 999 |
_c1683 _d1683 |
||
| 003 | AR-CdUCM | ||
| 008 | 190227b ||||| |||| 00| 0 spa d | ||
| 020 | _a8473393279 | ||
| 040 |
_aMUNICIPALIDAD PROVINCIAL DEL CUSCO _cBIBLIOTECA MUNICIPAL DEL CUSCO |
||
| 041 | _hale | ||
| 082 |
_a325.2 / _bL98 |
||
| 100 |
_aLuxemburgo, Rosa _96177 |
||
| 245 | _aReforma o revolución / | ||
| 260 |
_aEspaña : _bAKAL , _c1978. |
||
| 300 |
_a164 páginas ; _c18 cm. |
||
| 440 |
_aAKAL 115 _96244 |
||
| 505 | _aEl comunismo y su método -- Adaptabilidad del capitalismo -- La progresión al socialismo a través de las reformas sociales... | ||
| 650 |
_aRevolución. _9844 |
||
| 650 |
_aReforma. _94889 |
||
| 650 |
_aSocialismo. _91037 |
||
| 650 |
_aCapitalismo. _93221 |
||
| 942 |
_2ddc _cLIBROS |
||
| 945 |
_awfj _d2019-02-27 |
||